000 01027nam0a22002531 4500
001 rc\2971794
005 20260408150944.0
035 _a(NLR Aleph) 007117857
090 _a6832738
_c6832738
100 _a20110907d1933 u y0rusy50 ca
101 0 _arus
102 _aRU
105 _ay z |||||
200 1 _aПрограмма по курсу Топливо, смазка и резина
_fНач. кафедры Клюквин
_gВоен. акад. механизации и моторизации РККА им. т. Сталина. Пром. ф-т
210 _a[Москва]
_cБ. и.
_d[1933]
_g1 журн. тип. Онти
215 _a4 с.
_d24×16 см
700 0 _aКлюквин
712 0 2 _4570
_aВоенная академия механизации и моторизации Красной Армии им. Сталина
_cМосква
_3RU\NLR\AUTH\880638360
_92696073
801 0 _aRU
_bNLR
_gpsbo
801 1 _aRU
_bELAR
_2rusmarc
852 _aNLR
_j34-11/155
942 _cBOOK
980 _aNB